Experimento, razonamiento y creación en física /
Guardado en:
| Autor Principal: | |
|---|---|
| Formato: | Libro |
| Publicado: |
Washington :
O.e.a.,
1969
|
| Materias: | |
| Etiquetas: |
Agregar Etiqueta
Sin Etiquetas, Sea el primero en etiquetar este registro!
|
| LEADER | 01004nam a22002175a 4500 | ||
|---|---|---|---|
| 001 | CEM.cems001549 | ||
| 005 | 20060214000000.0 | ||
| 008 | 130507s1969##################000#0#####d | ||
| 003 | CEMS | ||
| 082 | 0 | 4 | |a 530.7 |
| 100 | 1 | |a Cernuschi, Félix | |
| 245 | 1 | 0 | |a Experimento, razonamiento y creación en física / |
| 260 | |a Washington : |b O.e.a., |c 1969 | ||
| 300 | |a 148 p. | ||
| 505 | 0 | |a El problema del metodo. La experimentacion en la ense¤anza. La trama conceptual. Significado de la teoría fisica. El alumno. La fisica en casa. Concepto de masa. Concepto de temperatura. La fisica de nuestros dias en la ense¤anza. La causalidad en la fisica actual. La historia de la fisica en la ense¤anza de la fisica. Los programas de fisica. Recursos didacticos. La ense¤anza de la fisica en los tres ciclos | |
| 653 | |a Ciencia-historia | ||
| 653 | |a Fisica | ||
| 653 | |a Fisica probabilista | ||
| 653 | |a Mecanica | ||
| 653 | |a Mecanica newtoniana | ||
| 859 | |a CEMS |b BIB. CEMS - 11 de abril |h 530.7 |i C335-1 |p 9952.81 |t Ej.1 | ||
